Massive Migration and its Effect on Human Capital and Growth: The Case of Western Balkan and Central and Eastern European Countries (Record no. 8762)
[ view plain ]
| 000 -LEADER | |
|---|---|
| fixed length control field | 01827nam a22003257u 4500 |
| 001 - CONTROL NUMBER | |
| control field | pwiiw4073 |
| 003 - CONTROL NUMBER IDENTIFIER | |
| control field | OSt |
| 005 - DATE AND TIME OF LATEST TRANSACTION | |
| control field | 20260516120107.0 |
| 008 - FIXED-LENGTH DATA ELEMENTS--GENERAL INFORMATION | |
| fixed length control field | 160805t2016 au ||||| |||| 00| ||eng d |
| 040 ## - CATALOGING SOURCE | |
| Transcribing agency | OSt |
| 041 ## - LANGUAGE CODE | |
| Language code of text/sound track or separate title | eng |
| 084 ## - OTHER CLASSIFICATION NUMBER | |
| Classification number | F22 |
| -- | J24 |
| -- | O15 |
| -- | O40 |
| Number source | jelc |
| 100 1# - MAIN ENTRY--PERSONAL NAME | |
| Personal name | Landesmann, Michael |
| 245 10 - TITLE STATEMENT | |
| Title | Massive Migration and its Effect on Human Capital and Growth: The Case of Western Balkan and Central and Eastern European Countries |
| 260 ## - PUBLICATION, DISTRIBUTION, ETC. | |
| Place of publication, distribution, etc. | Wien : |
| Name of publisher, distributor, etc. | Wiener Institut für Internationale Wirtschaftsvergleiche (wiiw), |
| Date of publication, distribution, etc. | 2016. |
| 490 1# - SERIES STATEMENT | |
| Series statement | wiiw Balkan Observatory Working Papers |
| Volume/sequential designation | 124 |
| 520 ## - SUMMARY, ETC. | |
| Summary, etc. | Abstract<br/><br/>We analyse the effect of massive migration particularly from the Western Balkans and the Central and Eastern European countries on human capital and growth. In our analysis, we use a system of three equations to estimate simultaneously the effect of migration on human capital and on growth. An important driver of migration is chain migration, as well as the unemployment and income differentials between developing and developed countries. Overall, our findings suggest that migration of highly skilled from the Western Balkan and Central Eastern European countries has been beneficial to economic growth and income convergence of these countries. Our analysis supports the positive impact of low-skilled migration on the composition of human capital in the source countries. <br/> |
| 650 ## - SUBJECT ADDED ENTRY--TOPICAL TERM | |
| Topical term or geographic name entry element | migration |
| 650 ## - SUBJECT ADDED ENTRY--TOPICAL TERM | |
| Topical term or geographic name entry element | brain drain |
| 650 ## - SUBJECT ADDED ENTRY--TOPICAL TERM | |
| Topical term or geographic name entry element | brain gain |
| 650 ## - SUBJECT ADDED ENTRY--TOPICAL TERM | |
| Topical term or geographic name entry element | economic growth |
| 650 ## - SUBJECT ADDED ENTRY--TOPICAL TERM | |
| Topical term or geographic name entry element | human capital |
| 651 ## - SUBJECT ADDED ENTRY--GEOGRAPHIC NAME | |
| Geographic name | CEE |
| 651 ## - SUBJECT ADDED ENTRY--GEOGRAPHIC NAME | |
| Geographic name | Western Balkans |
| 690 ## - LOCAL SUBJECT ADDED ENTRY--TOPICAL TERM (OCLC, RLIN) | |
| Topical term or geographic name as entry element | Labour, Migration and Income Distribution |
| 700 1# - ADDED ENTRY--PERSONAL NAME | |
| Personal name | Mara, Isilda |
| 830 #0 - SERIES ADDED ENTRY--UNIFORM TITLE | |
| Volume/sequential designation | 124 |
| Bibliographic record control number | WIIW0000140 |
| Title of a work | wiiw Balkan Observatory Working Papers |
| 856 40 - ELECTRONIC LOCATION AND ACCESS | |
| Uniform Resource Identifier | <a href="https://wiiw.ac.at/p-4073.html">https://wiiw.ac.at/p-4073.html</a> |
| 942 ## - ADDED ENTRY ELEMENTS (KOHA) | |
| Koha item type | Paper |
| Source of classification or shelving scheme | Other/Generic Classification Scheme |
| Withdrawn status | Lost status | Damaged status | Not for loan | Home library | Current library | Shelving location | Date acquired | Inventory number | Total Checkouts | Full call number | Barcode | Date last seen | Price effective from | Koha item type |
|---|---|---|---|---|---|---|---|---|---|---|---|---|---|---|
| WIIW | WIIW | Library | 08/05/2016 | pwiiw4073 | 124 | 1000010004073 | 08/05/2016 | 02/05/2019 | Paper |
